000 02011nam a2200289 a 4500
001 BRCA_8617
003 FranzMayer
005 20230724142928.0
008 230916s1771----sp-#######---#000-0#spa-#
040 _aMFM
_besp
_cMFM
041 _aspa
044 _asp
084 _aBE32
_b.Q27 1771
245 1 0 _aQuaresma del P. Fr. Antonio Andres, letor de sagrada theologia, escritor publico de su Orden, Regente de Estudios, Calificador del Santo Oficio y custodio actual de su provincia de Descalzos
_btomo III. Quien lo dedica a Christo crucificado.
260 _aValencia
_bPor Benito Monfort
_c1771
300 _a320 p. (t.3)
_c21.5 x 15 cm.
500 _aEn portada : Al fin de este tercer tomo hay una aplicación de los Sermones de la Quaresma a las Dominicas de entre año
500 _aEstado físico : lomo desprendido
500 _aCon marca de fuego : ´Procedencia de la marca: Convento de San Francisco Santa María del Pueblito de Querétaro. Institución: Orden de Frailes Menores. Provincia de San Pedro y San Pablo de Michoacán. Descripción: Monograma conformado por las iniciales ´P´, ´u´, ´E´ seguidas de ´b´, ´I´, ´T´ y ´o´ que se desata como Pueblito (2) dentro de un filete en forma de rombo. Observaciones: Krausse la incluye entre las marcas no identificadas. David Saavedra la identifica como del Convento Franciscano de Santa María del Pueblito, Villa Corregidora de Querétaro. Con el testimonio de pertenencia ubicado en este ejemplar se corrobora la atribución realizada por David Saavedra. Ubicación de la marca en el libro: Canto superior, inferior y lateral´
650 1 4 _aSermones de cuaresma
_921531
650 1 4 _aIglesia católica
_xSermones
_921286
650 1 4 _aCuaresma
_xSermones
_921287
700 1 _aAntonio Andrés
_cFray
_921275
856 _ahttp://www.marcasdefuego.buap.mx:8180/xmLibris/projects/firebrand/item.jsp?repository=marcas_de_fuego&key=marcas_de_fuego_franciscanas_20150618135223_2ccc.xml&num=0
902 _aCFM
942 _2lcc
_cB
999 _c8278
_d8278